01513nam0a2200289 4500001001900000005001700019021001900036035002600055100004100081101000800122102000700130105001800137200025700155210005100412215002200463300009200485320004400577606013000621606011100751686001900862702012000881712012801001801002801129801002201157830002301179852002101202RU\NLR\bibl\10796420260407113011.0 aRUb2000-16041 a(NLR Aleph) 000105672 a20000913d2000 |||y0rusy50 ca0 arus aRU aa |||||||||1 aМерцательная аритмияeУчеб.-метод. пособиеfМ-во здравоохранения Рос. Федерации, Астрах. гос. мед. акад.g[Сост. д.м.н., проф. Пановой Т.Н. и др.] aАстраханьcИзд-во АГМАd2000 a28 с.cил.d21 aНа обл. авт.: Т.Н. Панова, Т.П. Кучерова, А.И. Носков aБиблиогр.: с. 27 (6 назв.)0 aСердцеjРуководства, пособия и т.п.xАритмии мерцательные3RU\NLR\auth\662101000 aСердцеjУчебные изданияxАритмии мерцательные3RU\NLR\auth\66210100 aР410.109.5я7 142208rus7caaПановаbТ. Н.cд-р мед. наукgТамара Николаевна3RU\NLR\auth\7791146024570aАстраханская государственная медицинская академия3RU\NLR\AUTH\889942158 0aRUbNLRc20000913gPSBO 1aRUbNLRc20000913 aАвт. по кн. aNLRj2000-4/4791